Flora of Assam. Volume-05 / (Record no. 23243)

MARC details
000 -LEADER
fixed length control field 00647nam a22001817a 4500
003 - CONTROL NUMBER IDENTIFIER
control field BDDh-ASL
005 - DATE AND TIME OF LATEST TRANSACTION
control field 20231015030220.0
008 - FIXED-LENGTH DATA ELEMENTS--GENERAL INFORMATION
fixed length control field 210317s1982 ii ||||| |||| 00| 0 eng d
040 ## - CATALOGING SOURCE
Transcribing agency BDDh-ASL
082 ## - DEWEY DECIMAL CLASSIFICATION NUMBER
Classification number 581.162
Item number BOF
100 1# - MAIN ENTRY--PERSONAL NAME
9 (RLIN) 3467
Personal name Bor, N. L.
245 10 - TITLE STATEMENT
Title Flora of Assam. Volume-05 /
Statement of responsibility, etc. U. N. Kanjilal et. al.
260 ## - PUBLICATION, DISTRIBUTION, ETC.
Place of publication, distribution, etc. Delhi:
Name of publisher, distributor, etc. A Von Book Company,
Date of publication, distribution, etc. 1982.
300 ## - PHYSICAL DESCRIPTION
Extent 480 p.:
Dimensions 22 cm.
504 ## - BIBLIOGRAPHY, ETC. NOTE
Bibliography, etc. note Include Index
650 #0 - SUBJECT ADDED ENTRY--TOPICAL TERM
Topical term or geographic name entry element Botany, ˈbät(ə)nē, উদ্ভিদবিদ্যা, Udbhidabidyā, উদ্ভিদ্তত্ব, উদ্ভিদ্বিজ্ঞান
General subdivision Flora
Geographic subdivision Assam
9 (RLIN) 3430
942 ## - ADDED ENTRY ELEMENTS (KOHA)
Source of classification or shelving scheme Dewey Decimal Classification
Koha item type Books
Holdings
Withdrawn status Lost status Source of classification or shelving scheme Damaged status Not for loan Collection code Home library Current library Shelving location Date acquired Source of acquisition Serial Enumeration / chronology Total Checkouts Full call number Barcode Date last seen Copy number Price effective from Koha item type
    Dewey Decimal Classification     Non-fiction Asiatic Society Library Asiatic Society Library General Stacks 03/17/2021 Donated by Encyclopedia of Flora & Fauna of Bangladesh V-5   581.162 BOF 107647 03/17/2021 C-1 03/17/2021 Books

Powered by Koha